|
|
|
|
| LEADER |
00000nam0a2200000 4500 |
| 001 |
45946 |
| 005 |
20231031024216.0 |
| 010 |
|
|
|a 5931271546
|
| 035 |
|
|
|a (RuTPU)RU\TPU\book\47856
|
| 090 |
|
|
|a 45946
|
| 100 |
|
|
|a 20021219d2001 m y0rusy50 ca
|
| 101 |
1 |
|
|a rus
|
| 102 |
|
|
|a RU
|
| 105 |
|
|
|a a z 000zy
|
| 200 |
1 |
|
|a 60 олимпийских лет
|e пер. с англ.
|f А. Такач
|
| 210 |
|
|
|a Москва
|c Терра-Спорт
|d 2001
|c Олимпия Пресс
|
| 215 |
|
|
|a 320 с.
|c ил.
|
| 610 |
1 |
|
|a спорт
|
| 610 |
1 |
|
|a олимпийское движение
|
| 610 |
1 |
|
|a Олимпийские игры
|
| 610 |
1 |
|
|a история
|
| 675 |
|
|
|a 796.032
|v 3
|
| 700 |
|
1 |
|a Такач
|b А.
|g Артур
|
| 801 |
|
1 |
|a RU
|b 63413507
|c 20021219
|g PSBO
|
| 801 |
|
2 |
|a RU
|b 63413507
|c 20030105
|g PSBO
|
| 942 |
|
|
|c BK
|